[Event "Aktobe Dvorkovich op-A"]
[Site "Aktobe"]
[Date "2025.06.30"]
[Round "9"]
[White "Amilal, Munkhdalai"]
[Black "Aryan, Chopra"]
[Result "0-1"]
[WhiteElo "2385"]
[BlackElo "2620"]
[PlyCount "74"]
[EventDate "2025.06.22"]
[EventType "swiss"]
[EventRounds "9"]
[EventCountry "KAZ"]
[SourceTitle "CB27_2025"]
[SourceDate "2025.07.02"]
[SourceVersion "1"]
[SourceVersionDate "2025.07.02"]
[SourceQuality "1"]

1. e4 c5 2. Nf3 d6 3. Bb5+ Nd7 4. 0-0 a6 5. Bd3 Ngf6 6. c3 b5 7. Bc2 Bb7 8. Re1 c4 9. b3 e6 10. Na3 Rc8 11. bxc4 bxc4 12. Rb1 Ba8 13. Qe2 d5 14. e5 Ne4 15. Nd4 Qa5 16. Bxe4 dxe4 17. Nxc4 Qxa2 18. Nb6 Qxb1 19. Nxc8 Qa2 20. Nd6+ Bxd6 21. exd6 0-0 22. Qh5 g6 23. Qh4 e5 24. Qe7 exd4 25. Qxd7 e3 26. fxe3 dxc3 27. Rd1 Qc2 28. Qg4 Bc6 29. Ba3 Qa4 30. h3 Qxa3 31. dxc3 Qxc3 32. Qg5 h6 33. Qg3 Bd7 34. Rb1 Re8 35. Rb7 Rxe3 36. Qf2 Re1+ 37. Kh2 Qe5+ 0-1

[Event "FRA-chT Top 16 GpB"]
[Site "Belfort"]
[Date "2025.05.26"]
[Round "5.1"]
[White "Donchenko, Alexander"]
[Black "Aryan, Chopra"]
[Result "1/2-1/2"]
[WhiteElo "2615"]
[BlackElo "2620"]
[PlyCount "113"]
[EventDate "2025.05.22"]
[EventType "team-tourn"]
[EventRounds "7"]
[EventCountry "FRA"]
[SourceTitle "CB22_2025"]
[SourceDate "2025.05.28"]
[SourceVersion "1"]
[SourceVersionDate "2025.05.28"]
[SourceQuality "1"]
[WhiteTeam "Vandoeuvre"]
[BlackTeam "Grasse Echecs"]
[WhiteTeamCountry "FRA"]
[BlackTeamCountry "FRA"]

1. d4 d5 2. c4 c6 3. Nf3 Nf6 4. e3 Bf5 5. Nc3 e6 6. Nh4 Be4 7. f3 Bg6 8. Qb3 Qc7 9. Bd2 Be7 10. 0-0-0 dxc4 11. Bxc4 b5 12. Be2 a6 13. Nxg6 hxg6 14. Ne4 Nxe4 15. fxe4 c5 16. Kb1 Nc6 17. d5 exd5 18. exd5 Ne5 19. h4 Bd6 20. g4 0-0-0 21. e4 Kb8 22. Qe3 Rhe8 23. h5 c4 24. Bc3 gxh5 25. gxh5 f5 26. exf5 b4 27. Bd4 Nc6 28. Qf3 Nxd4 29. Rxd4 c3 30. Rc4 Qe7 31. Bd3 Qe3 32. Qxe3 Re7 33. Qe4 Rxe4 34. Re1 Re3 35. Rd1 cxb2 36. Kxb2 Be5+ 37. Kc2 Rxd5 38. Rxb4+ Ka7 39. a4 Rc5+ 40. Kb1 Rd5 41. Be2 Rd6 42. Rxd6 Bxd6 43. Rd4 Rxe2 44. Rxd6 Rh2 45. a5 Rxh5 46. Rd7+ Kb8 47. Rf7 Kc8 48. Kc2 Kd8 49. Kc3 Ke8 50. Rxg7 Rxf5 51. Kb4 Kd8 52. Rg6 Kc7 53. Rxa6 Rf4+ 54. Kb5 Rf5+ 55. Kb4 Rf4+ 56. Kb5 Rf5+ 57. Kb4 1/2-1/2

[Event "Chessable Masters Play In"]
[Site "Chess.com INT"]
[Date "2025.02.17"]
[Round "3"]
[White "Aryan, Chopra"]
[Black "Blohberger, Felix"]
[Result "1/2-1/2"]
[WhiteElo "2620"]
[BlackElo "2532"]
[PlyCount "90"]
[EventDate "2025.02.17"]
[EventType "swiss (blitz)"]
[EventRounds "9"]
[EventCountry "USA"]
[SourceTitle "CB08_2025"]
[SourceDate "2025.02.19"]
[SourceVersion "1"]
[SourceVersionDate "2025.02.19"]
[SourceQuality "1"]

1. d4 d5 2. Nf3 Nf6 3. c4 e6 4. e3 a6 5. b3 c5 6. cxd5 exd5 7. Bb2 Nc6 8. Bd3 cxd4 9. Nxd4 Bb4+ 10. Nd2 Ne5 11. Qe2 Ne4 12. Bxe4 dxe4 13. 0-0 Bg4 14. f3 exf3 15. gxf3 Bh3 16. Rfd1 0-0 17. Kh1 Qe7 18. Ne4 Ba3 19. Bxa3 Qxa3 20. Rg1 Qe7 21. Nc3 Rad8 22. Rad1 Kh8 23. e4 Be6 24. Qe3 Nc6 25. Nxc6 bxc6 26. Na4 Bh3 27. Qc3 f5 28. e5 f4 29. Nc5 a5 30. e6 Rxd1 31. Rxd1 Rd8 32. Rxd8+ Qxd8 33. Nd3 Bxe6 34. Nxf4 Bd5 35. Nxd5 Qxd5 36. Kg2 h6 37. h4 Qb5 38. Kg3 Qd5 39. a4 Kg8 40. Qe3 Kf7 41. Qf4+ Ke7 42. Qe3+ Kf6 43. Qf4+ Ke7 44. Qe3+ Kf6 45. Qf4+ Ke7 1/2-1/2

[Event "Chessable Masters Play In"]
[Site "Chess.com INT"]
[Date "2025.02.17"]
[Round "2"]
[White "Aryan, Chopra"]
[Black "Nihal, Sarin"]
[Result "0-1"]
[WhiteElo "2620"]
[BlackElo "2687"]
[PlyCount "74"]
[EventDate "2025.02.17"]
[EventType "swiss (blitz)"]
[EventRounds "9"]
[EventCountry "USA"]
[SourceTitle "CB08_2025"]
[SourceDate "2025.02.19"]
[SourceVersion "1"]
[SourceVersionDate "2025.02.19"]
[SourceQuality "1"]

1. e4 Nf6 2. e5 Nd5 3. d4 d6 4. Nf3 dxe5 5. Nxe5 c6 6. Bc4 Nd7 7. Nf3 N7f6 8. 0-0 Bg4 9. h3 Bh5 10. Be2 e6 11. c4 Nb6 12. b3 Be7 13. Bb2 0-0 14. Nbd2 a5 15. a3 Qc7 16. Re1 Rfd8 17. Ne5 Bxe2 18. Qxe2 Bf8 19. Ndf3 h6 20. Rad1 Re8 21. g4 Nfd7 22. h4 Nxe5 23. dxe5 Rad8 24. Bc3 Nc8 25. b4 axb4 26. axb4 Ne7 27. h5 b5 28. c5 Rxd1 29. Rxd1 Nd5 30. Bd2 Ra8 31. Qe4 Be7 32. Kg2 Ra4 33. Qb1 Qd8 34. Qc2 Ra3 35. Rb1 Bg5 36. Nxg5 hxg5 37. Rb3 Nf4+ 0-1

[Event "Saint Louis Masters op"]
[Site "Saint Louis"]
[Date "2024.12.03"]
[Round "1"]
[White "Stearman, Josiah P"]
[Black "Aryan, Chopra"]
[Result "1/2-1/2"]
[WhiteElo "2443"]
[BlackElo "2637"]
[PlyCount "61"]
[EventDate "2024.12.03"]
[EventType "swiss"]
[EventRounds "9"]
[EventCountry "USA"]
[SourceTitle "CB50_2024"]
[SourceDate "2024.11.01"]
[SourceVersion "1"]
[SourceVersionDate "2024.11.01"]
[SourceQuality "2"]

1. e4 c5 2. Nf3 e6 3. c3 Nf6 4. e5 Nd5 5. d4 cxd4 6. cxd4 d6 7. Bc4 Be7 8. 0-0 0-0 9. Bxd5 exd5 10. Nc3 Be6 11. Qb3 b6 12. Nxd5 Kh8 13. Rd1 a6 14. Ne1 Qd7 15. Qf3 Bg4 16. Qe4 Bxd1 17. Nxe7 Ra7 18. Nf5 d5 19. Qf4 Qe6 20. Bd2 Bh5 21. Rc1 Bg6 22. g4 a5 23. Nf3 f6 24. N3h4 Nc6 25. Nxg6+ hxg6 26. Nh4 Kh7 27. g5 Nxd4 28. Qxd4 fxe5 29. Re1 Re7 30. Qe3 Qg4+ 31. Qg3 1/2-1/2

[Event "EU-Cup 39th"]
[Site "Vrnjacka Banja"]
[Date "2024.10.26"]
[Round "7.2"]
[White "Rodshtein, Maxim"]
[Black "Aryan, Chopra"]
[Result "1-0"]
[WhiteElo "2613"]
[BlackElo "2620"]
[PlyCount "97"]
[EventDate "2024.10.20"]
[EventType "team-swiss"]
[EventRounds "7"]
[EventCountry "SRB"]
[SourceTitle "CB44_2024"]
[Source "Chessbase"]
[SourceDate "2024.10.30"]
[SourceVersion "1"]
[SourceVersionDate "2024.10.30"]
[SourceQuality "1"]
[WhiteTeam "Rishon Le Zion"]
[BlackTeam "Vados CC"]
[WhiteTeamCountry "ISR"]
[BlackTeamCountry "ROU"]

1. e4 e6 2. d4 d5 3. e5 c5 4. c3 Nc6 5. Nf3 Qb6 6. a3 Nh6 7. Bd3 cxd4 8. 0-0 Bd7 9. Qe2 Nf5 10. b4 a6 11. Bb2 Be7 12. cxd4 h5 13. Nbd2 g5 14. Nb3 g4 15. Ne1 Nd8 16. Nc2 Bb5 17. Ne3 Bxd3 18. Qxd3 Qb5 19. Qc2 Qc6 20. Qd2 b6 21. Rac1 Qd7 22. Rc3 Bg5 23. Qc2 Ra7 24. Bc1 Rg8 25. Nxf5 exf5 26. Rc8 Be7 27. Be3 Rg6 28. Rc1 Kf8 29. Nd2 a5 30. Nf1 axb4 31. axb4 h4 32. Bd2 Bg5 33. Bxg5 Rxg5 34. Qd2 Rh5 35. Qf4 Kg7 36. Ne3 Kg6 37. Nxg4 Qxc8 38. Rxc8 Ra1+ 39. Rc1 Ne6 40. Qd2 Rxc1+ 41. Qxc1 fxg4 42. Qc6 Rf5 43. g3 Rf3 44. Qxd5 Rc3 45. Qe4+ Kg5 46. f4+ gxf3 47. gxh4+ Kh5 48. d5 Nf8 49. e6 1-0

[Event "EU-Cup 39th"]
[Site "Vrnjacka Banja"]
[Date "2024.10.21"]
[Round "2.2"]
[White "Aryan, Chopra"]
[Black "Abel, Dennes"]
[Result "1-0"]
[WhiteElo "2620"]
[BlackElo "2411"]
[PlyCount "64"]
[EventDate "2024.10.20"]
[EventType "team-swiss"]
[EventRounds "7"]
[EventCountry "SRB"]
[SourceTitle "CB44_2024"]
[Source "Chessbase"]
[SourceDate "2024.10.30"]
[SourceVersion "1"]
[SourceVersionDate "2024.10.30"]
[SourceQuality "1"]
[WhiteTeam "Vados CC"]
[BlackTeam "Lister Turm"]
[WhiteTeamCountry "ROU"]
[BlackTeamCountry "GER"]

1. d4 Nf6 2. c4 g6 3. Nc3 Bg7 4. e4 d6 5. Nf3 0-0 6. Be2 Nbd7 7. 0-0 e5 8. Be3 Qe7 9. Qc2 c6 10. d5 c5 11. Bg5 h6 12. Bd2 Kh8 13. g3 Ng8 14. Rae1 Ndf6 15. Kg2 Bd7 16. a4 Rae8 17. h3 Nh7 18. Bd3 Ngf6 19. Qc1 h5 20. Rh1 Ng8 21. Be2 a6 22. a5 f5 23. Nh4 Qf7 24. f4 Ne7 25. Rhf1 Bf6 26. fxe5 Bxe5 27. Nf3 Ng8 28. Nxe5 dxe5 29. Na4 h4 30. Nxc5 hxg3 31. Nxd7 f4 32. Nxf8 Qxf8 1-0

[Event "ROM-chT"]
[Site "Mamaia"]
[Date "2024.10.06"]
[Round "9.1"]
[White "Aryan, Chopra"]
[Black "Kantor, Gergely"]
[Result "1/2-1/2"]
[WhiteElo "2620"]
[BlackElo "2537"]
[PlyCount "56"]
[EventDate "2024.09.28"]
[EventType "team-tourn"]
[EventRounds "9"]
[EventCountry "ROU"]
[SourceTitle "EXT 2025"]
[Source "ChessBase"]
[SourceDate "2024.10.14"]
[SourceVersion "1"]
[SourceVersionDate "2024.10.14"]
[SourceQuality "1"]
[WhiteTeam "Arad Vados"]
[BlackTeam "Craiova Oltenia"]
[WhiteTeamCountry "ROU"]
[BlackTeamCountry "ROU"]

1. e4 e5 2. Nf3 Nc6 3. Bc4 Nf6 4. d3 Bc5 5. c3 0-0 6. 0-0 d5 7. exd5 Nxd5 8. Re1 Bg4 9. Nbd2 Nb6 10. h3 Bh5 11. Bb3 Qxd3 12. Nxe5 Qf5 13. Nef3 Rae8 14. g4 Bxg4 15. hxg4 Qxg4+ 16. Kh1 Bxf2 17. Nh2 Rxe1+ 18. Qxe1 Qg3 19. Qf1 Re8 20. Ndf3 Ne5 21. Qg2 Nd3 22. Bc2 Nxc1 23. Rxc1 Qxg2+ 24. Kxg2 Bc5 25. Re1 Rxe1 26. Nxe1 g6 27. b4 Bd6 28. Bb3 c5 1/2-1/2

[Event "Abu Dhabi Masters Online"]
[Site "Chess.com INT"]
[Date "2024.08.21"]
[Round "4"]
[White "Aryan, Chopra"]
[Black "Farahat, Ali"]
[Result "0-1"]
[WhiteElo "2619"]
[BlackElo "2321"]
[PlyCount "68"]
[EventDate "2024.08.21"]
[EventType "swiss (blitz)"]
[EventRounds "11"]
[EventCountry "UAE"]
[SourceTitle "CBM 221 Extra"]
[Source "ChessBase"]
[SourceDate "2024.09.30"]
[SourceVersion "1"]
[SourceVersionDate "2024.09.30"]
[SourceQuality "1"]

1. Nf3 d5 2. g3 Nf6 3. Bg2 g6 4. 0-0 Bg7 5. d4 0-0 6. c4 c6 7. b3 Ne4 8. Bb2 Nd7 9. Nc3 Nxc3 10. Bxc3 dxc4 11. bxc4 c5 12. Rb1 cxd4 13. Nxd4 Nc5 14. e3 e5 15. Nb3 Nxb3 16. Qxb3 Qc7 17. Bd5 Rb8 18. a4 Bf5 19. e4 Bh3 20. Rfc1 Rfd8 21. a5 h5 22. Bd2 Kh7 23. Be3 b6 24. axb6 axb6 25. Bxb6 Qd7 26. c5 Qg4 27. f3 Qg5 28. Bxd8 Qd2 29. Qa2 Qd3 30. Bg5 Bf8 31. Qa7 Bxc5+ 32. Qxc5 Rxb1 33. Qc4 Rxc1+ 34. Qxc1 Qxf3 0-1

[Event "Abu Dhabi Masters Online"]
[Site "Chess.com INT"]
[Date "2024.08.21"]
[Round "8"]
[White "Aryan, Chopra"]
[Black "Karamsetty, Jeevan"]
[Result "1-0"]
[WhiteElo "2619"]
[BlackElo "2244"]
[PlyCount "123"]
[EventDate "2024.08.21"]
[EventType "swiss (blitz)"]
[EventRounds "11"]
[EventCountry "UAE"]
[SourceTitle "CBM 221 Extra"]
[Source "ChessBase"]
[SourceDate "2024.09.30"]
[SourceVersion "1"]
[SourceVersionDate "2024.09.30"]
[SourceQuality "1"]

1. Nf3 g6 2. h4 Nf6 3. d3 h6 4. e4 d6 5. Nc3 Bg7 6. g3 Nc6 7. d4 e5 8. dxe5 Nxe5 9. Nxe5 dxe5 10. Qxd8+ Kxd8 11. Bc4 Ke7 12. b3 Be6 13. Ba3+ Kd7 14. 0-0-0+ Kc8 15. Bxe6+ fxe6 16. f3 a6 17. Na4 b6 18. Nb2 Bf8 19. Bxf8 Rxf8 20. Nc4 Nd7 21. Rd3 b5 22. Na5 Nc5 23. Rc3 Nb7 24. Nc6 Nd6 25. Nxe5 Rg8 26. h5 gxh5 27. Rxh5 Rxg3 28. Rxh6 Nxe4 29. Rc6 Rg1+ 30. Kb2 Nd2 31. Rh7 Ra7 32. Rxe6 b4 33. c3 Rg2 34. Nc6 Ne4+ 35. Kc1 Rg1+ 36. Kc2 Rg2+ 37. Kd1 Nxc3+ 38. Ke1 Ra8 39. Re8+ Kb7 40. Na5+ Kb6 41. Nc4+ Kb7 42. Nd6+ Ka7 43. Rxc7+ Kb6 44. Rb7+ Kc6 45. Rxa8 Kxd6 46. Rxa6+ Kc5 47. Ra5+ Kd4 48. Rxb4+ Kd3 49. Kf1 Rb2 50. Re5 Nd1 51. Rbe4 Rf2+ 52. Ke1 Rh2 53. Kxd1 Rh1+ 54. Re1 Rh2 55. R5e3+ Kd4 56. R3e2 Rh6 57. Rd2+ Kc3 58. Re3+ Kb4 59. Kc2 Rc6+ 60. Kb2 Rc5 61. a3+ Kb5 62. Rde2 1-0

[Event "Abu Dhabi Masters Online"]
[Site "Chess.com INT"]
[Date "2024.08.21"]
[Round "6"]
[White "Aryan, Chopra"]
[Black "Karas, Marek"]
[Result "1-0"]
[WhiteElo "2619"]
[BlackElo "2161"]
[PlyCount "79"]
[EventDate "2024.08.21"]
[EventType "swiss (blitz)"]
[EventRounds "11"]
[EventCountry "UAE"]
[SourceTitle "CBM 221 Extra"]
[Source "ChessBase"]
[SourceDate "2024.09.30"]
[SourceVersion "1"]
[SourceVersionDate "2024.09.30"]
[SourceQuality "1"]

1. e4 e6 2. Qe2 c5 3. d3 Nc6 4. Nf3 Nf6 5. g3 d5 6. Bg2 Be7 7. 0-0 0-0 8. e5 Nd7 9. h4 b5 10. Bf4 Bb7 11. h5 h6 12. Re1 Qc7 13. Nbd2 Rfc8 14. Nf1 Bf8 15. N1h2 Qd8 16. g4 Nd4 17. Nxd4 cxd4 18. Nf3 Bc5 19. g5 hxg5 20. Bxg5 Be7 21. Bxe7 Qxe7 22. Nxd4 b4 23. f4 Qh4 24. Rf1 Re8 25. Rae1 a5 26. Qd1 a4 27. Re3 Kh7 28. Rh3 Qe7 29. Nf3 f6 30. h6 g6 31. exf6 Qxf6 32. Ng5+ Kh8 33. d4 a3 34. bxa3 bxa3 35. Qd2 Ba6 36. Rff3 Bc4 37. Rxa3 Rxa3 38. Rxa3 Rb8 39. Ra7 Nf8 40. Rf7 1-0

[Event "Abu Dhabi Masters Online"]
[Site "Chess.com INT"]
[Date "2024.08.21"]
[Round "10"]
[White "Aryan, Chopra"]
[Black "Kurmangaliyeva, Liya"]
[Result "1-0"]
[WhiteElo "2619"]
[BlackElo "2220"]
[PlyCount "57"]
[EventDate "2024.08.21"]
[EventType "swiss (blitz)"]
[EventRounds "11"]
[EventCountry "UAE"]
[SourceTitle "CBM 221 Extra"]
[Source "ChessBase"]
[SourceDate "2024.09.30"]
[SourceVersion "1"]
[SourceVersionDate "2024.09.30"]
[SourceQuality "1"]

1. d4 Nf6 2. Nf3 e6 3. Bf4 h6 4. h3 d5 5. e3 c5 6. Nbd2 Nc6 7. Bb5 Bd6 8. dxc5 Bxc5 9. c4 0-0 10. 0-0 Bd7 11. cxd5 Nxd5 12. Bh2 a6 13. Bd3 Be7 14. a3 Rc8 15. Qe2 Bf6 16. e4 Nb6 17. e5 Be7 18. Ne4 Na5 19. Nd6 Rc7 20. b4 Nc6 21. Qe4 g6 22. Qe3 Nd5 23. Qxh6 Be8 24. Rfe1 Rd7 25. h4 Nxe5 26. Bxe5 f6 27. Bxg6 Bxd6 28. Bxd6 Rxd6 29. Qh7# 1-0

[Event "Abu Dhabi Masters Online"]
[Site "Chess.com INT"]
[Date "2024.08.21"]
[Round "11"]
[White "Aryan, Chopra"]
[Black "Ter Sahakyan, Samvel"]
[Result "0-1"]
[WhiteElo "2619"]
[BlackElo "2618"]
[PlyCount "64"]
[EventDate "2024.08.21"]
[EventType "swiss (blitz)"]
[EventRounds "11"]
[EventCountry "UAE"]
[SourceTitle "CBM 221 Extra"]
[Source "ChessBase"]
[SourceDate "2024.09.30"]
[SourceVersion "1"]
[SourceVersionDate "2024.09.30"]
[SourceQuality "1"]

1. d4 Nf6 2. Nf3 d5 3. Bf4 Bf5 4. c4 e6 5. Qb3 dxc4 6. Qxb7 Be4 7. Qb5+ Nc6 8. Qxc4 Nb4 9. Na3 c6 10. e3 Bd5 11. Qc1 Nxa2 12. Rxa2 Bb4+ 13. Kd1 Bxa2 14. Qxc6+ Kf8 15. Ba6 Bd5 16. Qc7 Qxc7 17. Bxc7 Ne8 18. Bg3 Bd6 19. Nb5 Bxg3 20. hxg3 Rb8 21. Ne5 Nf6 22. Kc2 Ke7 23. Ra1 Nd7 24. Nxa7 Nxe5 25. dxe5 Bxg2 26. Kc3 h5 27. b4 g5 28. b5 Rb6 29. Ra4 h4 30. gxh4 gxh4 31. Rxh4 Rxa6 32. Nc8+ Rxc8+ 0-1

[Event "Arad op 17th"]
[Site "Arad"]
[Date "2024.08.09"]
[Round "7"]
[White "Dzida, Kamil"]
[Black "Aryan, Chopra"]
[Result "0-1"]
[WhiteElo "2385"]
[BlackElo "2619"]
[PlyCount "74"]
[EventDate "2024.08.05"]
[EventType "swiss"]
[EventRounds "9"]
[EventCountry "ROU"]
[SourceTitle "CBM 221 Extra"]
[Source "ChessBase"]
[SourceDate "2024.09.30"]
[SourceVersion "1"]
[SourceVersionDate "2024.09.30"]
[SourceQuality "1"]

1. d4 Nf6 2. Nf3 g6 3. c4 Bg7 4. Nc3 0-0 5. e4 d6 6. Be2 e5 7. 0-0 h6 8. Rb1 Nbd7 9. d5 a5 10. Nd2 Nh7 11. a3 f5 12. b4 b6 13. Qc2 f4 14. Na4 axb4 15. axb4 Ba6 16. Ra1 Ndf6 17. Nc3 g5 18. c5 Bxe2 19. Rxa8 Qxa8 20. Nxe2 bxc5 21. bxc5 g4 22. cxd6 cxd6 23. Qd3 Ng5 24. f3 Rf7 25. Nc4 Bf8 26. Bd2 gxf3 27. gxf3 Nh3+ 28. Kh1 Rg7 29. Ng1 Ng5 30. Be1 Qe8 31. Qe2 Qh5 32. Qf2 Be7 33. Qa2 Kh7 34. Qf2 Kh8 35. Qc2 Rg8 36. Qa2 Qg6 37. Qe2 Nf7 0-1

[Event "Budapest Spring op"]
[Site "Budapest"]
[Date "2024.05.28"]
[Round "6"]
[White "Aryan, Chopra"]
[Black "Costa, Leonardo"]
[Result "1/2-1/2"]
[WhiteElo "2641"]
[BlackElo "2486"]
[PlyCount "62"]
[EventDate "2024.05.20"]
[EventType "swiss"]
[EventRounds "9"]
[EventCountry "HUN"]
[SourceTitle "CBM 220 Extra"]
[Source "ChessBase"]
[SourceDate "2024.07.31"]
[SourceVersion "1"]
[SourceVersionDate "2024.07.31"]
[SourceQuality "1"]

1. e4 e5 2. Nf3 Nc6 3. d4 exd4 4. Nxd4 Nf6 5. Nxc6 bxc6 6. e5 Qe7 7. Qe2 Nd5 8. h4 Qe6 9. Nd2 a5 10. g3 Nb4 11. Nf3 Ba6 12. c4 Qg6 13. Kd1 c5 14. a3 Nc6 15. h5 Qe6 16. Bd2 Be7 17. Bc3 Rb8 18. h6 g5 19. Rh5 Rg8 20. Rc1 g4 21. Nd2 Rg5 22. Rxg5 Bxg5 23. Rc2 Nd4 24. Bxd4 cxd4 25. Qe4 Qxh6 26. Qxg4 Bxd2 27. Qg8+ Ke7 28. Qxb8 Qh1 29. Kxd2 Qxf1 30. Qxc7 Qxf2+ 31. Kd1 Qf1+ 1/2-1/2